| 000 | 00843nam a22002057a 4500 | ||
|---|---|---|---|
| 005 | 20230302085810.0 | ||
| 008 | s2542 th tha d | ||
| 020 | _a9745017035 | ||
| 041 | _atha | ||
| 050 | _aHD69.P751 ล266ท 2542 | ||
| 100 | 0 | _aลานนา ดวงสิงห์ | |
| 245 | 1 | 0 | _aเทคนิคการเขียนโครงการในระบบสารสนเทศ |
| 260 | 3 |
_aกรุงเทพฯ : _bมหาวิทยาลัยรามคำแหง, _c2542 |
|
| 300 |
_a77 หน้า : _b ตาราง, แผนภูมิ ; _c 26 ซม. |
||
| 650 | 0 | 4 | _aการเขียนโครงการ |
| 850 | _aNALT | ||
| 942 |
_cGB _02 |
||
| 997 | _c000000000009321 | ||
| 998 |
_aNOOPIN _j111 _k นางสาวพจพิณ พรมเอี่ยม |
||
| 999 |
_c9321 _d9321 |
||